| 000 | 00535nam a2200145Ia 4500 | ||
|---|---|---|---|
| 008 | 220216s9999 xx 000 0 und d | ||
| 100 | _aVeeraputhran S | ||
| 245 | 0 | _aAdoption of RRII 400 series rubber clones by rubber small growers | |
| 260 | _bIRC 2012. International Rubber Conference, 28-31 October 2012, Kovalam, India, Rubber Research Institute of India, Kottayam and IRRDB, Malaysia: Abstracts. pp.185. | ||
| 650 | _aClone adoption | ||
| 700 | _aGeorge K Tharian | ||
| 700 | _aJoseph Joby | ||
| 700 | _aSiju T | ||
| 942 | _cJS | ||
| 999 |
_c53841 _d53841 |
||